|
|
|
|
| LEADER |
00000nam a2200000Ii 4500 |
| 001 |
DIGEDUV0173 |
| 003 |
NyNyDIG0 |
| 006 |
m o d |
| 007 |
cr ||||||||||| |
| 008 |
220301s2015 ag ob 000 0 spa d |
| 035 |
|
|
|a (OCoLC)994728576
|
| 040 |
|
|
|a DGITA
|b eng
|e rda
|e pn
|c DGITA
|
| 020 |
|
|
|a 9789876992152
|q eBook
|q epdf
|
| 020 |
|
|
|z 9789876991773
|
| 043 |
|
|
|a s-ag---
|a cl-----
|
| 050 |
1 |
4 |
|a P302.84 ebook
|
| 245 |
0 |
0 |
|a Hacer la diferencia :
|b abordaje sociocrítico de prácticas discursivas /
|c Ricardo Lionel Costa, Danuta Teresa Mozejko, directores.
|
| 264 |
|
1 |
|a Villa María, Córdoba :
|b Eduvim,
|c [2015]
|
| 300 |
|
|
|a 1 online resource.
|
| 336 |
|
|
|a text
|2 rdacontent
|
| 337 |
|
|
|a computer
|b c
|2 rdamedia
|
| 338 |
|
|
|a online resource
|b cr
|2 rdacarrier
|
| 347 |
|
|
|a text file
|2 rdaft
|
| 347 |
|
|
|b PDF
|
| 347 |
|
|
|b EPUB
|
| 490 |
1 |
|
|a Colección Poliedros
|
| 504 |
|
|
|a Includes bibliographical references.
|
| 588 |
0 |
|
|a Online resource; title from PDF title page (Digitalia, viewed March 01, 2022)
|
| 650 |
|
0 |
|a Discourse analysis
|x Social aspects
|z Argentina.
|
| 650 |
|
0 |
|a Discourse analysis, Literary
|z Latin America.
|
| 700 |
1 |
|
|a Costa, Ricardo L.,
|e editor.
|
| 700 |
1 |
|
|a Mozejko de Costa, Danuta Teresa,
|e editor.
|
| 655 |
|
0 |
|a Electronic books.
|
| 776 |
0 |
8 |
|i Print version:
|t Hacer la diferencia.
|d Villa María, Córdoba : Eduvim, [2015]
|z 9789876991773
|
| 791 |
2 |
|
|a Digitalia (Firm),
|e distributor.
|
| 793 |
0 |
|
|g Digitalia eBook Collection:
|a Ediciones Eduvim
|
| 830 |
|
0 |
|a Colección Poliedros.
|
| 856 |
4 |
0 |
|3 Digitalia Hispánica
|u https://www.digitaliapublishing.com/a/41006/
|
| 910 |
|
|
|a Premium Collection: 2022
|